JOURNAL OF INFORMATION SCIENCE (Record no. 11995)

MARC details
000 -LEADER
fixed length control field 00444nam a2200145Ia 4500
022 ## - INTERNATIONAL STANDARD SERIAL NUMBER
ISSN 0165-5515
245 #0 - TITLE STATEMENT
Title JOURNAL OF INFORMATION SCIENCE
260 ## - PUBLICATION, DISTRIBUTION, ETC. (IMPRINT)
Name of publisher Institute of Information Science, Amsterdam, The Netherlands
310 ## - CURRENT PUBLICATION FREQUENCY
Current publication frequency BM
500 ## - GENERAL NOTE
General note Ending Volume & Year: 17, 1991
500 ## - GENERAL NOTE
General note Missing Volume: 8(1-3);12(3-5);13(6)
500 ## - GENERAL NOTE
General note Starting Volume & Year: 3, 1980
942 ## - ADDED ENTRY ELEMENTS (KOHA)
Koha item type Bound Journal
Holdings
Withdrawn status Lost status Damaged status Not for loan Home library Current library Date acquired Accession Number Koha item type
      Bound journals RRII Library RRII Library 31/12/2021 11873J Bound Journal